[Event "Saint Louis Blitz 2017"]
[Site "Saint Louis USA"]
[Date "2017.08.17"]
[Round "1.1"]
[White "Dominguez Perez, Leinier"]
[Black "Navara, David"]
[Result "1-0"]
[WhiteTitle "GM"]
[BlackTitle "GM"]
[WhiteElo "2739"]
[BlackElo "2737"]
[WhiteFideId "3503240"]
[BlackFideId "309095"]
[EventDate "2017.08.17"]

1. e4 c6 2. d4 d5 3. e5 c5 4. dxc5 Nc6 5. f4 e6 6. Be3 d4 7. Bf2 Bxc5 8. Nd2
Nge7 9. a3 Nd5 10. Ne4 Qa5+ 11. b4 Ncxb4 12. axb4 Qxb4+ 13. Qd2 Qb2 14. Qc1 Qb4+
15. Kd1 Nc3+ 16. Nxc3 dxc3 17. Rb1 Qa5 18. Bb5+ Bd7 19. Bxd7+ Kxd7 20. Bxc5 Qxc5
21. Ke2 Qc4+ 22. Kf2 b5 23. Nf3 a5 24. Rd1+ Ke7 25. Qe3 b4 26. Qb6 Rhb8 27. Qd6+
Ke8 28. Rd4 Qa2 29. Kg3 Qxb1 30. Qd7+ Kf8 31. Ng5 Qe1+ 32. Kh3 Kg8 33. Qxf7+ Kh8
34. Rd7 Rg8 35. Qh5 h6 36. Qg6 Qe3+ 37. g3 1-0

[Event "Saint Louis Blitz 2017"]
[Site "Saint Louis USA"]
[Date "2017.08.17"]
[Round "1.2"]
[White "Le, Quang Liem"]
[Black "Caruana, Fabiano"]
[Result "1-0"]
[WhiteTitle "GM"]
[BlackTitle "GM"]
[WhiteElo "2739"]
[BlackElo "2807"]
[WhiteFideId "12401137"]
[BlackFideId "2020009"]
[EventDate "2017.08.17"]

1. d4 d5 2. Bf4 Nf6 3. e3 e6 4. Nd2 c5 5. c3 Nc6 6. Ngf3 Bd6 7. Bg3 O-O 8. Bd3
b6 9. Qe2 Bb7 10. Rd1 Re8 11. e4 e5 12. dxe5 Nxe5 13. Nxe5 Bxe5 14. f4 dxe4 15.
Bb5 Bc7 16. Nc4 Qe7 17. Bxe8 Rxe8 18. Ne3 Qe6 19. O-O Qc6 20. f5 Bxg3 21. hxg3
h6 22. Rd2 Qc7 23. Qf2 Ba6 24. c4 b5 25. b3 bxc4 26. bxc4 h5 27. Qf4 Qxf4 28.
Rxf4 Kh7 29. Rd6 Bb7 30. Kf2 Rc8 31. Rh4 Kg8 32. Rh1 Bc6 33. Rhd1 Rc7 34. Rd8+
Kh7 35. g4 Kh6 36. gxh5 Kxh5 37. Rb8 Kg5 38. Rdd8 Bd7 39. Nd5 Nxd5 40. cxd5 Bxf5
41. d6 Rc6 42. Rb7 Ra6 43. Rxf7 Rxa2+ 44. Kg3 g6 45. d7 Ra3+ 46. Kh2 Rd3 47.
Rxf5+ gxf5 48. Rg8+ Kf4 49. d8=Q Rxd8 50. Rxd8 Ke3 51. Rc8 Kd4 52. Kg3 c4 53.
Kf2 c3 54. Ke2 f4 55. Rf8 Ke5 56. Kd1 a5 57. Kc2 Kd4 58. Rxf4 a4 59. g4 a3 60.
g5 a2 61. Rf1 1-0

[Event "Saint Louis Blitz 2017"]
[Site "Saint Louis USA"]
[Date "2017.08.17"]
[Round "1.4"]
[White "Anand, Viswanathan"]
[Black "Nepomniachtchi, Ian"]
[Result "1/2-1/2"]
[WhiteTitle "GM"]
[BlackTitle "GM"]
[WhiteElo "2783"]
[BlackElo "2751"]
[WhiteFideId "5000017"]
[BlackFideId "4168119"]
[EventDate "2017.08.17"]

1. e4 d6 2. d4 Nf6 3. Nc3 g6 4. f4 Bg7 5. a3 O-O 6. Nf3 Bg4 7. Be2 Nc6 8. d5 Nb8
9. h3 Bxf3 10. Bxf3 c6 11. Be3 Nbd7 12. O-O Rc8 13. Bd4 Nb6 14. b3 Qc7 15. Ra2
Rfe8 16. a4 a6 17. a5 Nbd7 18. Ne2 e5 19. dxe6 Rxe6 20. Nc3 Rce8 21. Ra4 R6e7
22. Kh1 Nf8 23. g3 Ne6 24. Bf2 Nd7 25. Qd2 Nec5 26. Rd4 Bxd4 27. Qxd4 f5 28.
exf5 gxf5 29. g4 Ne6 30. Qb4 d5 31. Bg3 Ng7 32. Kg2 Nf6 33. g5 Ne4 34. Nxe4 dxe4
35. Be2 c5 36. Qc3 Qc6 37. h4 Ne6 38. Bc4 e3+ 39. Kh2 Qe4 40. Re1 Qd4 41. Qxe3
Kf8 42. Qf3 Qd2+ 43. Re2 Nd4 44. Qd5 Rxe2+ 45. Kh3 R2e6 46. Qxc5+ Kg8 47. c3 Nc6
48. Qxf5 Qd7 49. g6 hxg6 50. Qxg6+ Kf8 51. Qf5+ Qf7 52. Qxf7+ Kxf7 53. f5 Nd8
54. fxe6+ Nxe6 55. Bd5 Re7 56. c4 Kg6 57. Kg4 Nd4 58. h5+ Kh7 59. Bd6 Rg7+ 60.
Kf4 Nxb3 61. Be4+ Kg8 62. Bd5+ Kh7 63. Be4+ 1/2-1/2

[Event "Saint Louis Blitz 2017"]
[Site "Saint Louis USA"]
[Date "2017.08.17"]
[Round "1.5"]
[White "Kasparov, Garry"]
[Black "Karjakin, Sergey"]
[Result "1/2-1/2"]
[WhiteTitle "GM"]
[BlackTitle "GM"]
[WhiteElo "2812"]
[BlackElo "2773"]
[WhiteFideId "4100018"]
[BlackFideId "14109603"]
[EventDate "2017.08.17"]

1. e4 e5 2. f4 exf4 3. Nc3 Qh4+ 4. Ke2 Qd8 5. d4 Nf6 6. Bxf4 Bb4 7. Bg5 Bxc3 8.
bxc3 d6 9. Nf3 O-O 10. Bxf6 Qxf6 11. Kf2 c5 12. h3 Re8 13. Qd3 b6 14. Re1 Bb7
15. g3 Nc6 16. Bg2 Rac8 17. a3 Nb8 18. Re3 Nd7 19. Rf1 Qe7 20. Kg1 Bxe4 21. Qe2
d5 22. Nh4 g6 23. Bxe4 dxe4 24. Qg4 Nf6 25. Qg5 Nh5 26. Qg4 Nf6 27. Qg5 Nh5 28.
Qg4 Ng7 29. Qe2 cxd4 30. cxd4 f5 31. Ng2 Qd6 32. c3 Qxa3 33. Qd2 Ne6 34. g4 Ng5
35. gxf5 Nf3+ 36. Rexf3 exf3 37. Rxf3 Rf8 38. Nh4 Qe7 39. Qf2 Qg5+ 40. Rg3 Qc1+
41. Kg2 Rxc3 42. Nxg6 Rxg3+ 43. Qxg3 Qd2+ 44. Kh1 Qd1+ 45. Kg2 Qe2+ 46. Kg1 Qd1+
47. Kg2 Qc2+ 48. Kg1 Qb1+ 49. Kh2 Qb2+ 50. Kh1 Qb1+ 51. Kh2 Qa2+ 52. Kg1 Qa1+
53. Kh2 Qb2+ 54. Kh1 Qc1+ 55. Kh2 Qd2+ 56. Kh1 Qd1+ 57. Kh2 Qe2+ 58. Kg1 Qd1+
59. Kh2 Qd2+ 60. Kh1 Qd1+ 1/2-1/2

[Event "Saint Louis Blitz 2017"]
[Site "Saint Louis USA"]
[Date "2017.08.17"]
[Round "2.2"]
[White "Nepomniachtchi, Ian"]
[Black "Kasparov, Garry"]
[Result "1/2-1/2"]
[WhiteTitle "GM"]
[BlackTitle "GM"]
[WhiteElo "2751"]
[BlackElo "2812"]
[WhiteFideId "4168119"]
[BlackFideId "4100018"]
[EventDate "2017.08.17"]

1. e4 c5 2. Nf3 d6 3. d4 cxd4 4. Nxd4 Nf6 5. Nc3 a6 6. Be2 e6 7. O-O Be7 8. a4
Nc6 9. Be3 O-O 10. Qd2 Qc7 11. Rfd1 Bd7 12. f3 Na5 13. Qe1 Rac8 14. Kh1 Rfe8 15.
Bf1 Nc4 16. Bxc4 Qxc4 17. a5 Qb4 18. Nb3 h6 19. Qg3 Nh5 20. Qf2 Nf6 21. Bb6 e5
22. Qd2 Qc4 23. Bf2 Be6 24. Bh4 Red8 25. Qe1 Qc6 26. Rac1 Qe8 27. Bf2 Rc6 28.
Nd5 Rdc8 29. Na1 Bd8 30. Qb4 Bxd5 31. exd5 Rc4 32. Qxb7 e4 33. Re1 Bxa5 34. c3
Qb5 35. Qxb5 axb5 36. Nb3 Bd8 37. Nd2 Ra4 38. Nxe4 Nxe4 39. Rxe4 Bf6 40. Rce1
Kh7 41. Bg3 Ra2 42. Rb4 Rc5 43. Bxd6 Rxd5 44. Bf4 Be7 45. Rbe4 Bf6 46. Rb4 Be7
47. Rbe4 Bf6 1/2-1/2

[Event "Saint Louis Blitz 2017"]
[Site "Saint Louis USA"]
[Date "2017.08.17"]
[Round "2.3"]
[White "Karjakin, Sergey"]
[Black "Dominguez Perez, Leinier"]
[Result "1-0"]
[WhiteTitle "GM"]
[BlackTitle "GM"]
[WhiteElo "2773"]
[BlackElo "2739"]
[WhiteFideId "14109603"]
[BlackFideId "3503240"]
[EventDate "2017.08.17"]

1. d4 d5 2. Bf4 Bf5 3. e3 e6 4. c4 Bxb1 5. Rxb1 Bb4+ 6. Ke2 Bd6 7. g3 Bxf4 8.
gxf4 Nf6 9. Qb3 b6 10. Bg2 O-O 11. Nf3 Nc6 12. cxd5 Nxd5 13. Rhc1 Nce7 14. Ne5
Ng6 15. Nd3 a5 16. a3 a4 17. Qc4 Ra7 18. Rc2 Nde7 19. Bh1 Qd6 20. Rd1 h6 21. Kd2
Rc8 22. Kc1 c6 23. Qb4 Qd8 24. Be4 Ra5 25. Bf3 Nh4 26. Be2 Nhg6 27. Kb1 Nd5 28.
Qe1 Rb5 29. Ne5 Nxe5 30. dxe5 Qe8 31. Bxb5 cxb5 32. Rxc8 Qxc8 33. Qd2 Qb7 34. e4
Ne7 35. f3 Ng6 36. Qd8+ Kh7 37. f5 Nxe5 38. fxe6 Nxf3 39. e7 Qxe4+ 40. Ka1 Nd4
41. Qxd4 1-0

[Event "Saint Louis Blitz 2017"]
[Site "Saint Louis USA"]
[Date "2017.08.17"]
[Round "2.5"]
[White "Aronian, Levon"]
[Black "Navara, David"]
[Result "1/2-1/2"]
[WhiteTitle "GM"]
[BlackTitle "GM"]
[WhiteElo "2799"]
[BlackElo "2737"]
[WhiteFideId "13300474"]
[BlackFideId "309095"]
[EventDate "2017.08.17"]

1. d4 Nf6 2. Nf3 e6 3. g3 c5 4. Bg2 cxd4 5. O-O d5 6. b3 Bc5 7. Bb2 O-O 8. Nxd4
e5 9. Nf3 e4 10. Nd4 Nc6 11. Qd2 Re8 12. Nxc6 bxc6 13. e3 h5 14. h4 Be6 15. c4
dxc4 16. Rc1 Qe7 17. Qe2 cxb3 18. axb3 Bxb3 19. Ra5 Bb4 20. Rg5 c5 21. Bxe4 Qxe4
22. Bxf6 Bd5 23. f3 Qxe3+ 24. Qxe3 Rxe3 25. Bxg7 Kh7 26. Nc3 Bxf3 27. Bf6 Bg4
28. Nd5 Rxg3+ 29. Kh2 Rh3+ 30. Kg2 Re8 31. Nf4 Rf3 32. Rg7+ Kh6 33. Rxf7 Rxf4
34. Bg5+ Kg6 35. Rxf4 Re2+ 36. Rf2 Rxf2+ 37. Kxf2 a5 38. Be3 a4 39. Bxc5 Bxc5+
40. Rxc5 Be6 41. Rg5+ Kh6 42. Ra5 Bb3 43. Ke3 Kg6 44. Kf4 Bd1 45. Ra6+ Kf7 46.
Ke5 Bb3 47. Rf6+ Ke7 48. Ra6 Kf7 49. Kf5 Bc2+ 50. Ke5 Bb3 51. Ra5 Bc2 52. Ra7+
Kg6 53. Kf4 Kf6 54. Ra6+ Ke7 55. Ke5 Kd7 56. Kd4 Ke7 57. Kc3 Bb3 58. Rh6 Bd1 59.
Kd2 Bb3 60. Kc3 Bf7 61. Ra6 Bb3 62. Ra5 Bd1 63. Kd2 Bg4 64. Rxa4 Kf6 65. Ke3 Ke5
66. Ra5+ Ke6 67. Kf4 Bd1 68. Ra6+ Kd5 69. Kf5 Bg4+ 70. Kg5 Be2 71. Ra8 Bg4 72.
Re8 Kd6 73. Kf6 Kd5 74. Re3 Kd4 75. Re5 Bf3 76. Kf5 Bg4+ 77. Kf4 Kd3 78. Rd5+
Kc4 79. Ke5 Bf3 80. Rd8 Bg4 81. Kf4 Kc5 82. Kg5 Kc6 83. Kf6 Kc7 84. Rd4 Kc6 85.
Ke5 Be2 86. Rd6+ Kc7 87. Kd5 Bf3+ 88. Kc5 Bg4 89. Rd4 Be2 90. Re4 Bg4 91. Re7+
Kd8 92. Kd6 Bd1 93. Re3 Bg4 94. Re5 Bd1 95. Rc5 Bg4 96. Ra5 Ke8 97. Ra7 Kf8 98.
Ke5 Ke8 99. Kf6 Kd8 100. Rh7 Ke8 101. Ke5 Kf8 102. Kd6 Ke8 103. Re7+ Kf8 104.
Re3 Kf7 105. Ke5 Ke7 106. Rd3 Be2 107. Rd2 Bg4 108. Kf4 Ke6 109. Kg5 Ke5 110.
Rd8 Ke6 111. Re8+ Kd7 112. Re5 Kd6 113. Kf6 Bd1 114. Re6+ Kd5 115. Re8 Bg4 116.
Rd8+ Kc6 117. Kg5 Kc7 118. Rd5 Kc6 119. Rd4 Kc5 120. Rd2 Kc6 121. Kg6 Kc5 122.
Rd8 Kc6 123. Rf8 Kd7 124. Kf6 Bf3 125. Ke5 Bg4 126. Rf6 Be2 127. Rd6+ Ke7 128.
Rd4 Bg4 129. Rd5 Bf3 130. Ra5 Bg4 131. Ra7+ Ke8 132. Kd6 Bf3 133. Re7+ Kf8 134.
Ke6 Bd1 135. Kf6 Bg4 136. Re5 Bf3 137. Re3 Bg4 138. Kg6 Bd1 139. Kf6 Kg8 140.
Re8+ Kh7 141. Kg5 Kg7 142. Re7+ Kf8 143. Kf6 Bg4 144. Re5 Kg8 145. Re8+ Kh7 146.
Rd8 Bf3 147. Rd7+ Kh6 1/2-1/2

[Event "Saint Louis Blitz 2017"]
[Site "Saint Louis USA"]
[Date "2017.08.17"]
[Round "3.1"]
[White "Le, Quang Liem"]
[Black "Aronian, Levon"]
[Result "0-1"]
[WhiteTitle "GM"]
[BlackTitle "GM"]
[WhiteElo "2739"]
[BlackElo "2799"]
[WhiteFideId "12401137"]
[BlackFideId "13300474"]
[EventDate "2017.08.17"]

1. d4 Nf6 2. c4 c5 3. d5 g6 4. Nc3 Bg7 5. e4 d6 6. h3 O-O 7. Nf3 e6 8. Bd3 Nbd7
9. O-O e5 10. Rb1 h6 11. Re1 Nh7 12. Qc2 Kh8 13. Bd2 b6 14. b4 cxb4 15. Nb5 Nc5
16. Bxb4 f5 17. Rbd1 f4 18. a4 a5 19. Bxc5 bxc5 20. Be2 h5 21. Rb1 Bf6 22. Rb3
Rg8 23. Nh2 Rg7 24. Reb1 Rb8 25. Nc3 Rb4 26. Na2 Ra7 27. Nc3 Bd7 28. Nb5 Ra6 29.
R3b2 Qf8 30. Qd1 Ng5 31. Bd3 Bd8 32. f3 Qf6 33. Be2 Bxh3 34. gxh3 Nxh3+ 35. Kg2
Qg5+ 36. Ng4 hxg4 37. fxg4 Qh4 38. Qd3 f3+ 39. Qxf3 Nf4+ 40. Kg1 Kg7 41. Bf1 Bg5
42. Nc7 Ra7 43. Ne6+ Nxe6 44. dxe6 Bf4 45. Qh3 Qxh3 46. Bxh3 Re7 47. g5 Bxg5 48.
Kf2 Bd2 49. Ke2 Bc3 50. Rxb4 cxb4 51. Kd3 Bd4 52. Kc2 Re8 53. Rf1 Rf8 54. Rxf8
Kxf8 55. Kb3 Bb6 56. Kc2 Bd8 57. Kb3 Ke7 58. Bg4 Kf6 59. Bh3 Kg5 60. c5 dxc5 61.
Kc4 Kf4 62. Bg2 g5 63. Kxc5 b3 64. Bf1 Ke3 65. Bc4 b2 66. Ba2 g4 67. Kd6 g3 68.
Kd7 Bf6 0-1

[Event "Saint Louis Blitz 2017"]
[Site "Saint Louis USA"]
[Date "2017.08.17"]
[Round "3.3"]
[White "Kasparov, Garry"]
[Black "Caruana, Fabiano"]
[Result "0-1"]
[WhiteTitle "GM"]
[BlackTitle "GM"]
[WhiteElo "2812"]
[BlackElo "2807"]
[WhiteFideId "4100018"]
[BlackFideId "2020009"]
[EventDate "2017.08.17"]

1. e4 e6 2. d4 d5 3. Nc3 Nf6 4. e5 Nfd7 5. f4 c5 6. Nf3 Nc6 7. Be3 Be7 8. Qd2 a6
9. a3 b5 10. Bd3 Bb7 11. O-O O-O 12. Kh1 f5 13. Qf2 Rc8 14. Rg1 b4 15. axb4 Nxb4
16. g4 g6 17. gxf5 Nxd3 18. cxd3 Rxf5 19. Ne2 Rf7 20. h4 Kh8 21. h5 gxh5 22. Qh2
Qf8 23. Qxh5 c4 24. Ng5 Bxg5 25. Rxg5 cxd3 26. Nc3 Nb6 27. f5 Rxf5 28. Rxf5 Qxf5
29. Bg5 Rf8 30. Qh4 Qf3+ 31. Kg1 Nd7 32. Kh2 Qf2+ 33. Qxf2 Rxf2+ 34. Kg3 Rxb2
35. Rf1 Kg7 36. Na4 Rc2 37. Bf6+ Kg6 38. Kf4 Nxf6 39. exf6 d2 40. f7 Rc1 0-1

[Event "Saint Louis Blitz 2017"]
[Site "Saint Louis USA"]
[Date "2017.08.17"]
[Round "3.4"]
[White "Navara, David"]
[Black "Karjakin, Sergey"]
[Result "0-1"]
[WhiteTitle "GM"]
[BlackTitle "GM"]
[WhiteElo "2737"]
[BlackElo "2773"]
[WhiteFideId "309095"]
[BlackFideId "14109603"]
[EventDate "2017.08.17"]

1. d4 Nf6 2. c4 e6 3. Nf3 d5 4. Bg5 h6 5. Bxf6 Qxf6 6. Nc3 c6 7. Qb3 Qe7 8. a3
g6 9. e4 Bg7 10. Bd3 O-O 11. O-O c5 12. cxd5 cxd4 13. Nb5 exd5 14. exd5 Na6 15.
Rfe1 Qd8 16. Rac1 b6 17. Nfxd4 Nc5 18. Qc2 Bxd4 19. Nxd4 Qxd5 20. Be4 Qxd4 21.
Rcd1 Qf6 22. Bxa8 Bf5 23. Be4 Nxe4 24. Rxe4 Bxe4 25. Qxe4 Qxb2 26. a4 Qb3 27.
Qd4 Rc8 28. h3 Qc4 29. Qd7 Qc6 30. Qxa7 Ra8 31. Qe7 h5 32. Rd8+ Rxd8 33. Qxd8+
Kg7 34. Qd4+ Qf6 35. Qb4 Qa1+ 36. Kh2 Qe5+ 37. g3 Qf6 38. Kg2 Qc6+ 39. Kf1 Kf6
40. Ke2 Ke6 41. Qb3+ Ke7 42. Qb4+ Kd7 43. Qd4+ Kc8 44. Ke3 Kb7 45. Kf4 Ka6 46.
Qb4 Qf6+ 47. Ke3 Qe6+ 48. Kd3 Qd5+ 49. Kc3 Qf3+ 50. Kc4 Qe2+ 51. Kd5 Qe6+ 52.
Kd4 Qd7+ 53. Ke5 Qf5+ 54. Kd6 Kb7 55. Qb5 Qe6# 0-1

[Event "Saint Louis Blitz 2017"]
[Site "Saint Louis USA"]
[Date "2017.08.17"]
[Round "3.5"]
[White "Dominguez Perez, Leinier"]
[Black "Nepomniachtchi, Ian"]
[Result "0-1"]
[WhiteTitle "GM"]
[BlackTitle "GM"]
[WhiteElo "2739"]
[BlackElo "2751"]
[WhiteFideId "3503240"]
[BlackFideId "4168119"]
[EventDate "2017.08.17"]

1. e4 c5 2. Nf3 d6 3. d4 cxd4 4. Nxd4 Nf6 5. Nc3 a6 6. g3 e5 7. Nde2 Be7 8. Bg2
O-O 9. a4 b6 10. Nd5 Nxd5 11. Qxd5 Qc7 12. Nc3 Bb7 13. Qd3 Nd7 14. O-O Nc5 15.
Qc4 Rfc8 16. Be3 Bf8 17. Rfd1 Bc6 18. Bh3 Rcb8 19. Nd5 Qb7 20. Bxc5 dxc5 21. Qe2
b5 22. axb5 axb5 23. Rxa8 Rxa8 24. Qh5 Re8 25. Bf5 h6 26. Qg4 Kh8 27. h4 Rd8 28.
h5 c4 29. Ne3 Qc7 30. Nd5 Qa7 31. Ne3 Rxd1+ 32. Qxd1 Qd4 33. c3 Qxd1+ 34. Nxd1
Be7 35. Kf1 Bg5 36. Ne3 Bxe3 37. fxe3 Kg8 38. Kf2 Kf8 39. Kf3 Ke7 40. Bh3 Kf6
41. g4 Kg5 42. Kg3 Bxe4 43. Bf1 f5 44. gxf5 Kxh5 45. Bh3 Bc6 46. e4 Bxe4 47. f6
gxf6 48. Bd7 f5 49. Bxb5 f4+ 50. Kf2 Bd5 51. Bd7 Kg5 0-1

[Event "Saint Louis Blitz 2017"]
[Site "Saint Louis USA"]
[Date "2017.08.17"]
[Round "4.2"]
[White "Caruana, Fabiano"]
[Black "Dominguez Perez, Leinier"]
[Result "0-1"]
[WhiteTitle "GM"]
[BlackTitle "GM"]
[WhiteElo "2807"]
[BlackElo "2739"]
[WhiteFideId "2020009"]
[BlackFideId "3503240"]
[EventDate "2017.08.17"]

1. c4 e6 2. Nf3 d5 3. b3 Nf6 4. g3 Be7 5. Bg2 O-O 6. O-O c5 7. e3 Nc6 8. Bb2 b6
9. cxd5 Nxd5 10. d4 Ba6 11. Re1 Ndb4 12. Bc3 Nd3 13. Re2 cxd4 14. Nxd4 Nxd4 15.
exd4 Rc8 16. Re3 Nb4 17. Bxb4 Bxb4 18. a3 Bc5 19. Re4 f5 20. Re1 Bxd4 21. Ra2 e5
22. Nd2 Bxf2+ 0-1

[Event "Saint Louis Blitz 2017"]
[Site "Saint Louis USA"]
[Date "2017.08.17"]
[Round "4.3"]
[White "Aronian, Levon"]
[Black "Karjakin, Sergey"]
[Result "1/2-1/2"]
[WhiteTitle "GM"]
[BlackTitle "GM"]
[WhiteElo "2799"]
[BlackElo "2773"]
[WhiteFideId "13300474"]
[BlackFideId "14109603"]
[EventDate "2017.08.17"]

1. c4 Nf6 2. g3 e5 3. Bg2 d5 4. cxd5 Nxd5 5. Nc3 Nb6 6. Nf3 Nc6 7. O-O Be7 8. a3
O-O 9. b4 Be6 10. d3 a5 11. b5 Nd4 12. Nxe5 Bf6 13. f4 Nb3 14. Be3 Nxa1 15. Qxa1
Nd5 16. Bf2 Bxe5 17. fxe5 Qd7 18. Rb1 a4 19. Ne4 b6 20. Nd2 Ra5 21. Qb2 Ne7 22.
Qb4 Nd5 23. Qb2 Ne7 24. Qb4 Nd5 25. Qb2 Ne7 1/2-1/2

[Event "Saint Louis Blitz 2017"]
[Site "Saint Louis USA"]
[Date "2017.08.17"]
[Round "4.5"]
[White "Le, Quang Liem"]
[Black "Anand, Viswanathan"]
[Result "1/2-1/2"]
[WhiteTitle "GM"]
[BlackTitle "GM"]
[WhiteElo "2739"]
[BlackElo "2783"]
[WhiteFideId "12401137"]
[BlackFideId "5000017"]
[EventDate "2017.08.17"]

1. d4 Nf6 2. Bf4 d5 3. e3 e6 4. Nd2 Bd6 5. Bg3 b6 6. Ngf3 O-O 7. c3 Bb7 8. Bd3
Ne4 9. Qc2 f5 10. Bxd6 cxd6 11. O-O Nd7 12. c4 Ndf6 13. cxd5 Bxd5 14. Rac1 Qe8
15. Bc4 Rc8 16. Qd3 Qc6 17. Bxd5 Qxd5 18. Qa6 Rxc1 19. Rxc1 Nxd2 20. Nxd2 f4 21.
h3 fxe3 22. fxe3 Qg5 23. Qe2 Nd5 24. Ne4 Qxe3+ 25. Qxe3 Nxe3 26. Nxd6 Nd5 27.
Nc8 Rf4 28. Re1 Kf7 29. Rf1 Rxf1+ 30. Kxf1 a6 31. Ke2 Ke8 32. Nd6+ Ke7 33. Nc4
b5 34. Ne5 Kd6 35. Nd3 a5 36. Nc5 a4 37. Kf3 Nf6 38. Ke3 Kd5 39. Nd3 Kc4 40.
Ne5+ Kd5 41. Nd3 g5 42. b3 Kd6 43. bxa4 bxa4 44. Nc5 a3 45. Kd3 Kd5 46. Na4 Nh5
47. Nc3+ Kc6 48. Ke4 Nf4 49. h4 h6 50. hxg5 hxg5 51. g4 Nh3 52. Nb1 Nf2+ 53. Kf3
Nd1 54. Nxa3 Nc3 55. Nc2 Nxa2 56. Ke4 Kd6 57. Ne3 Nc3+ 1/2-1/2

[Event "Saint Louis Blitz 2017"]
[Site "Saint Louis USA"]
[Date "2017.08.17"]
[Round "5.2"]
[White "Karjakin, Sergey"]
[Black "Nepomniachtchi, Ian"]
[Result "1-0"]
[WhiteTitle "GM"]
[BlackTitle "GM"]
[WhiteElo "2773"]
[BlackElo "2751"]
[WhiteFideId "14109603"]
[BlackFideId "4168119"]
[EventDate "2017.08.17"]

1. Nf3 g6 2. e4 Nf6 3. e5 Nh5 4. d4 d6 5. Bc4 Bg7 6. Ng5 d5 7. Be2 h6 8. Nf3 c5
9. O-O Nc6 10. c3 O-O 11. h3 f6 12. Nh4 Qe8 13. Nxg6 Qxg6 14. Bxh5 Qh7 15. exf6
Rxf6 16. dxc5 Be6 17. Nd2 Kh8 18. Nf3 Rg8 19. Bg4 Bf7 20. Re1 Rd8 21. Ne5 Nxe5
22. Rxe5 h5 23. Bxh5 Rxf2 24. Rg5 Rf8 25. Be3 Bxh5 26. Qxh5 Rxb2 27. Qg4 Qe4 28.
Qxe4 dxe4 29. Bd4 Bxd4+ 30. cxd4 Rd2 31. d5 e3 32. Re1 e2 33. Re5 Rd1 34. Rxe2
Rxd5 35. Rxe7 Rxc5 36. Rxb7 Rc2 37. Ree7 Rd8 38. Rxa7 Rc1+ 39. Kh2 Rc2 40. Rh7+
Kg8 41. Rag7+ Kf8 42. Rh8+ Kxg7 43. Rxd8 Rxa2 44. h4 Kg6 45. Rd5 Ra3 46. g3 Rc3
47. Kh3 Rc4 48. Ra5 Rb4 49. h5+ Kf6 50. g4 Rb1 51. Rf5+ Kg7 52. Kh4 Kh6 53. Rf6+
Kg7 54. Ra6 Rb5 55. h6+ Kh7 56. g5 Rb1 57. Ra7+ Kg6 58. Rg7+ Kf5 59. h7 Rh1+ 60.
Kg3 Rh5 61. g6 1-0

[Event "Saint Louis Blitz 2017"]
[Site "Saint Louis USA"]
[Date "2017.08.17"]
[Round "5.3"]
[White "Kasparov, Garry"]
[Black "Le, Quang Liem"]
[Result "0-1"]
[WhiteTitle "GM"]
[BlackTitle "GM"]
[WhiteElo "2812"]
[BlackElo "2739"]
[WhiteFideId "4100018"]
[BlackFideId "12401137"]
[EventDate "2017.08.17"]

1. e4 e5 2. Nf3 Nc6 3. d4 exd4 4. Nxd4 Bc5 5. Be3 Qf6 6. c3 Nge7 7. g3 d5 8. Bg2
dxe4 9. O-O O-O 10. Nd2 Bb6 11. Nxe4 Qg6 12. Re1 Rd8 13. Nxc6 Nxc6 14. Qa4 Be6
15. h4 h6 16. Qb5 a6 17. Qa4 Ne5 18. Bxb6 cxb6 19. Nc5 bxc5 20. Rxe5 Rd2 21. Qf4
Rxb2 22. Rxc5 Rd8 23. Re1 Qf6 24. Qxf6 gxf6 25. a4 Rdd2 26. Rf1 b5 27. axb5 axb5
28. Rc6 Kg7 29. Rc7 Bc4 30. Re1 Rxf2 31. Bc6 Rfc2 0-1

[Event "Saint Louis Blitz 2017"]
[Site "Saint Louis USA"]
[Date "2017.08.17"]
[Round "5.4"]
[White "Anand, Viswanathan"]
[Black "Aronian, Levon"]
[Result "0-1"]
[WhiteTitle "GM"]
[BlackTitle "GM"]
[WhiteElo "2783"]
[BlackElo "2799"]
[WhiteFideId "5000017"]
[BlackFideId "13300474"]
[EventDate "2017.08.17"]

1. e4 e5 2. Nf3 Nc6 3. Bb5 a6 4. Ba4 Nf6 5. O-O Be7 6. d3 b5 7. Bb3 d6 8. c3 O-O
9. Re1 Na5 10. Bc2 c5 11. Nbd2 Be6 12. d4 exd4 13. cxd4 Bg4 14. h3 Bh5 15. g4
Bg6 16. d5 Nd7 17. b3 Bf6 18. Rb1 Bc3 19. Re3 b4 20. Nf1 c4 21. Bd2 Bxd2 22.
Qxd2 Qb6 23. Nd4 Rfe8 24. Ng3 Rac8 25. h4 c3 26. Qd1 f6 27. a3 bxa3 28. Ra1 Qb4
29. Nde2 Ne5 30. f3 Rb8 31. Qd4 Nxb3 32. Qxb4 Rxb4 33. Rxa3 Nc4 34. Rxb3 Rxb3
35. Bxb3 Nxe3 36. Nxc3 Rb8 37. Ba4 Be8 38. Bxe8 Rxe8 39. Kf2 Nc4 40. Nf5 g6 41.
Nd4 Rb8 0-1

[Event "Saint Louis Blitz 2017"]
[Site "Saint Louis USA"]
[Date "2017.08.17"]
[Round "5.5"]
[White "Navara, David"]
[Black "Caruana, Fabiano"]
[Result "0-1"]
[WhiteTitle "GM"]
[BlackTitle "GM"]
[WhiteElo "2737"]
[BlackElo "2807"]
[WhiteFideId "309095"]
[BlackFideId "2020009"]
[EventDate "2017.08.17"]

1. c4 e5 2. g3 Nf6 3. Bg2 c6 4. Nf3 e4 5. Nd4 Qb6 6. Nb3 a5 7. d3 a4 8. N3d2 d5
9. cxd5 exd3 10. O-O cxd5 11. exd3 Nc6 12. Nc3 Qa5 13. Re1+ Be7 14. Nf3 O-O 15.
Bd2 Qa6 16. Bg5 Be6 17. Ne5 Nxe5 18. Rxe5 h6 19. Bf4 a3 20. Rb1 Bd6 21. d4 Rac8
22. Bf1 Qc6 23. Nb5 Bxe5 24. dxe5 Ne4 25. Na7 Qc2 26. Nxc8 Qxf2+ 27. Kh1 Rxc8
28. Qe2 Rc2 29. Qxf2 Nxf2+ 30. Kg1 axb2 31. Be3 Bf5 32. Bd4 Nh3+ 33. Bxh3 Rc1+
34. Kf2 Bxb1 0-1

[Event "Saint Louis Blitz 2017"]
[Site "Saint Louis USA"]
[Date "2017.08.17"]
[Round "6.1"]
[White "Caruana, Fabiano"]
[Black "Karjakin, Sergey"]
[Result "0-1"]
[WhiteTitle "GM"]
[BlackTitle "GM"]
[WhiteElo "2807"]
[BlackElo "2773"]
[WhiteFideId "2020009"]
[BlackFideId "14109603"]
[EventDate "2017.08.17"]

1. d4 Nf6 2. Bf4 d5 3. e3 Bf5 4. Nf3 e6 5. c4 Bxb1 6. Qxb1 Bb4+ 7. Kd1 O-O 8. c5
c6 9. Bd3 Nbd7 10. Ke2 Ba5 11. g4 g6 12. Qg1 b6 13. h4 bxc5 14. h5 Bc7 15. Bg5
cxd4 16. Nxd4 Ne5 17. hxg6 fxg6 18. Nxe6 Qb8 19. Qb1 Rf7 20. Bf4 Nfxg4 21. f3
Nxd3 22. Bxc7 Qe8 23. Qxd3 Qxe6 24. Bg3 Re8 25. Bf2 Rxf3 26. Raf1 Ref8 0-1

[Event "Saint Louis Blitz 2017"]
[Site "Saint Louis USA"]
[Date "2017.08.17"]
[Round "6.2"]
[White "Le, Quang Liem"]
[Black "Dominguez Perez, Leinier"]
[Result "1/2-1/2"]
[WhiteTitle "GM"]
[BlackTitle "GM"]
[WhiteElo "2739"]
[BlackElo "2739"]
[WhiteFideId "12401137"]
[BlackFideId "3503240"]
[EventDate "2017.08.17"]

1. d4 d5 2. Bf4 Bf5 3. e3 e6 4. c4 Bxb1 5. Qxb1 Bb4+ 6. Kd1 Bd6 7. Bg3 Nf6 8.
cxd5 Nxd5 9. Nf3 c5 10. Bb5+ Nc6 11. Ke2 O-O 12. Bxc6 bxc6 13. Qc2 cxd4 14. Nxd4
c5 15. Nb5 Be7 16. Nc3 Nb4 17. Qe4 Qb6 18. Qc4 Bf6 19. Rhd1 Bxc3 20. bxc3 Nd5
21. Kf1 Qa5 22. Be5 Rfd8 23. Qg4 Qa6+ 24. c4 f6 25. Bg3 Nc3 26. Rxd8+ Rxd8 27.
Kg1 Qc6 28. h4 Qe4 29. Qxe4 Nxe4 30. Rb1 Rd2 31. Rb8+ Kf7 32. Rb7+ Kg6 33. Rxa7
h5 34. a4 e5 35. a5 Ra2 36. Kh2 Nd2 37. a6 Nxc4 38. Rc7 Rxa6 39. Rxc5 Nd2 40.
Rc1 Ra3 41. Rd1 Ne4 42. Re1 Kf7 43. f3 Nxg3 44. Kxg3 1/2-1/2